000
00281nam a2200121Ia 4500
008
190216s9999||||xx |||||||||||||| ||und||
100
_a
Helen Woodruffe
245
0
_a
Services Marketing
260
_b
Macmillan India Ltd
_c
2001
300
_a
307p
650
_a
Marketing
942
_c
BK
999
_c
6394
_d
6394